|
|
|
|
| LEADER |
00000cam a2200000 7i4500 |
| 001 |
0000091268 |
| 005 |
20230412142848.0 |
| 008 |
|
| 020 |
|
|
|a 9789672378297 (
|q (paperback))
|
| 040 |
|
|
|e rda
|
| 041 |
|
|
|a Malay
|
| 090 |
0 |
0 |
|a JF NH
|b MAL
|
| 245 |
0 |
0 |
|a Kisah tauladan haiwan
|
| 264 |
|
1 |
|a Selangor :
|b Syahida Hassan Enterprise
|c 2021
|
| 300 |
|
|
|a 37 pages :
|b color illustration ;
|c 21 cm.
|
| 336 |
|
|
|a text
|2 rdacontent
|
| 337 |
|
|
|a unmediated
|2 rdamedia
|
| 338 |
|
|
|a volume
|2 rdacarrier
|
| 490 |
0 |
|
|a Buku ilustrasi kanak-kanak
|
| 500 |
|
|
|a Children ages 7-9 years old (orange)
|
| 541 |
|
|
|a Purchased on 2022
|f 0216 JI
|h RM10.00
|
| 650 |
|
0 |
|a Nature history, Malay
|
| 650 |
|
0 |
|a Nature history
|x Junior fiction
|
| 700 |
0 |
|
|a Nurul Syahida Hassan ,
|e (susunan)
|
| 730 |
0 |
|
|a Title
|
| 999 |
|
|
|a 0001719322
|b Book
|c Children Collection
|e Desa - PPAJ
|
| 999 |
|
|
|a 0001719323
|b Book
|c Children Collection
|e Desa - PPAJ
|
| 999 |
|
|
|a 0001719324
|b Book
|c Children Collection
|e Desa - PPAJ
|
| 999 |
|
|
|a 0001719325
|b Book
|c Children Collection
|e Desa - PPAJ
|
| 999 |
|
|
|a 0001719326
|b Book
|c Children Collection
|e Desa - PPAJ
|
| 999 |
|
|
|a 0001719327
|b Book
|c Children Collection
|e Desa - PPAJ
|
| 999 |
|
|
|a 0001719328
|b Book
|c Children Collection
|e Desa - PPAJ
|
| 999 |
|
|
|a 0001719329
|b Book
|c Children Collection
|e Desa - PPAJ
|
| 999 |
|
|
|a 0001719330
|b Book
|c Children Collection
|e Desa - PPAJ
|
| 999 |
|
|
|a 0001719331
|b Book
|c Children Collection
|e Desa - PPAJ
|
| 999 |
|
|
|a 0001719332
|b Book
|c Children Collection
|e Desa - PPAJ
|
| 999 |
|
|
|a 0001719333
|b Book
|c Children Collection
|e Desa - PPAJ
|
| 999 |
|
|
|a 0001719334
|b Book
|c Children Collection
|e Desa - PPAJ
|
| 999 |
|
|
|a 0001719335
|b Book
|c Children Collection
|e Desa - PPAJ
|
| 999 |
|
|
|a 0001719336
|b Book
|c Children Collection
|e Desa - PPAJ
|
| 999 |
|
|
|a 0001719337
|b Book
|c Children Collection
|e Desa - PPAJ
|
| 999 |
|
|
|a 0001719338
|b Book
|c Children Collection
|e Desa - PPAJ
|
| 999 |
|
|
|a 0001719339
|b Book
|c Children Collection
|e Desa - PPAJ
|
| 999 |
|
|
|a 0001719340
|b Book
|c Children Collection
|e Desa - PPAJ
|
| 999 |
|
|
|a 0001719341
|b Book
|c Children Collection
|e Desa - PPAJ
|
| 999 |
|
|
|a 0001719342
|b Book
|c Children Collection
|e Desa - PPAJ
|
| 999 |
|
|
|a 0001719343
|b Book
|c Children Collection
|e Desa - PPAJ
|
| 999 |
|
|
|a 0001719344
|b Book
|c Children Collection
|e Desa - PPAJ
|
| 999 |
|
|
|a 0001719345
|b Book
|c Children Collection
|e Desa - PPAJ
|
| 999 |
|
|
|a 0001719346
|b Book
|c Children Collection
|e Desa - PPAJ
|
| 999 |
|
|
|a 0001719347
|b Book
|c Children Collection
|e Desa - PPAJ
|
| 999 |
|
|
|a 0001719348
|b Book
|c Children Collection
|e Desa - PPAJ
|
| 999 |
|
|
|a 0001719349
|b Book
|c Children Collection
|e Desa - PPAJ
|
| 999 |
|
|
|a 0001719350
|b Book
|c Children Collection
|e Desa - PPAJ
|
| 999 |
|
|
|a 0001719351
|b Book
|c Children Collection
|e Desa - PPAJ
|
| 999 |
|
|
|a 0001719352
|b Book
|c Children Collection
|e Desa - PPAJ
|
| 999 |
|
|
|a 0001719353
|b Book
|c Children Collection
|e Desa - PPAJ
|
| 999 |
|
|
|a 0001719354
|b Book
|c Children Collection
|e Desa - PPAJ
|
| 999 |
|
|
|a 0001719355
|b Book
|c Children Collection
|e Desa - PPAJ
|
| 999 |
|
|
|a 0001719356
|b Book
|c Children Collection
|e Desa - PPAJ
|
| 999 |
|
|
|a 0001719357
|b Book
|c Children Collection
|e Desa - PPAJ
|
| 999 |
|
|
|a 0001719358
|b Book
|c Children Collection
|e Desa - PPAJ
|
| 999 |
|
|
|a 0001719359
|b Book
|c Children Collection
|e Desa - PPAJ
|
| 999 |
|
|
|a 0001719360
|b Book
|c Children Collection
|e Desa - PPAJ
|
| 999 |
|
|
|a 0001719361
|b Book
|c Children Collection
|e Desa - PPAJ
|
| 999 |
|
|
|a 0001719362
|b Book
|c Children Collection
|e Desa - PPAJ
|
| 999 |
|
|
|a 0001720326
|b Book
|c Children Collection
|e Cawangan Urban Transformation Centre
|
| 999 |
|
|
|a 0001720327
|b Book
|c Children Collection
|e Cawangan AEON Kulaijaya
|
| 999 |
|
|
|a 0001720328
|b Book
|c Children Collection
|e Perbadanan Perpustakaan Awam Johor
|
| 999 |
|
|
|a 0001720329
|b Book
|c Children Collection
|e Cawangan Bandar Penawar
|
| 999 |
|
|
|a 0001720330
|b Book
|c Children Collection
|e Cawangan Batu Pahat
|
| 999 |
|
|
|a 0001720331
|b Book
|c Children Collection
|e Cawangan Kota Tinggi
|
| 999 |
|
|
|a 0001720332
|b Book
|c Children Collection
|e Cawangan Segamat
|
| 999 |
|
|
|a 0001720333
|b Book
|c Children Collection
|e Cawangan Tmn. Ungku Tun Aminah
|
| 999 |
|
|
|a 0001720334
|b Book
|c Children Collection
|e Cawangan Muar
|
| 999 |
|
|
|a 0001720335
|b Book
|c Children Collection
|e Perbadanan Perpustakaan Awam Johor
|
| 999 |
|
|
|a 0001720336
|b Book
|c Children Collection
|e Cawangan Taman Sri Lambak
|
| 999 |
|
|
|a 0001720337
|b Book
|c Children Collection
|e Cawangan Bandar Tenggara
|
| 999 |
|
|
|a 0001720338
|b Book
|c Children Collection
|e Cawangan Mersing
|
| 999 |
|
|
|a 0001720339
|b Book
|c Children Collection
|e Cawangan Tangkak
|
| 999 |
|
|
|a 0001720340
|b Book
|c Children Collection
|e Cawangan Pontian
|
| 999 |
|
|
|a 0001720341
|b Book
|c Children Collection
|e Cawangan Taman Universiti
|
| 999 |
|
|
|a 0001720342
|b Book
|c Children Collection
|e Cawangan Kota Tinggi
|